Najdroższe transfery piłkarskie w historii - Statystyki

Ogólne statystyki
  • Ten quiz został rozwiązany 263 razy
  • Średni wynik to 17 z 20
Statystyki odpowiedzi
Miejsce Narodowość z do sezon kwota Piłkarz % Poprawnych
2. Francja AS Monaco PSG 18/19 180 mln € Kylian Mbappe
99%
1. Brazylia FC Barcelona PSG 17/18 222 mln € Neymar
99%
10. Portugalia Real Madrid Juventus 18/19 117 mln € Cristiano Ronaldo
97%
20. Portugalia Manchester United Real Madrid 09/10 94 mln € Cristiano Ronaldo
97%
7. Belgia Chelsea FC Real Madrid 19/20 120,80 mln € Eden Hazard
89%
17. Anglia Tottenham Bayern Monachium 23/24 95 mln € Harry Kane
89%
4. Francja Borussia Dortmund FC Barcelona 17/19 135 mln € Ousmane Dembele
89%
16. Walia Tottenham Real Madrid 13/14 101 mln € Gareth Bale
88%
13. Anglia Borussia Dortmund Real Madrid 23/24 113 mln € Jude Bellingham
88%
8. Francja Atletico Madrid FC Barcelona 19/20 120 mln € Antoine Griezmann
83%
5. Portugalia Benfica Lisbona Atletico Madrid 19/20 127,20 mln € Joao Felix
83%
15. Francja Juventus Manchester United 16/17 105 mln € Paul Pogba
83%
3. Brazylia Liverpool FC Barcelona 17/18 135 mln € Philippe Coutinho
83%
19. Brazylia Ajax Amsterdam Manchester United 22/23 95 mln € Antony
78%
9. Anglia Aston Villa Manchester City 21/22 117,50 mln € Jack Grealish
78%
14. Belgia Inter Mediolan Chelsea 21/22 113 mln € Romelu Lukaku
78%
11. Anglia West Ham United Arsenal 23/24 116,60 mln € Declan Rice
74%
6. Argentyna Benfica Lisbona Chelsea 22/23 121 mln € Enzo Fernandez
72%
18. Francja Eintracht Frankfurt PSG 23/24 95 mln € Randal Kolo Muani
67%
12. Ekwador Brighton Chelsea 23/24 116 mln € Moises Caicedo
65%
Nie znaleziono quizów pasujących do podanych kryteriów
Rozkład punktacji
Procent ludzi z każdym wynikiem
Percentyl według liczby udzielonych odpowiedzi
Twoja historia wyników
Nie rozwiązałeś tego quizu